000 00725nam a22002411 4500
001 4530085
005 20160309125014.0
008 720107s1959 nyuab b 000 0 eng
010 _a 59008552
040 _aDLC
_cDLC
_dDLC
043 _af------
050 0 0 _aDT14
_b.M87 1959
082 0 0 _a572.96
100 1 _aMurdock, George Peter,
_d1897-
651 0 _aAfrica
245 0 0 _aAfrica:
_bits peoples and their culture history /
_cby George Peter Murdock.
260 _aNew York,
_bMcGraw-Hill,
_c1959.
300 _axiii, 456 p.
_billus., maps (1 fold. in pocket)
_c24 cm.
504 _aIncludes bibliographies.
651 0 _xCivilization.
906 _a7
_bcbc
_corignew
_du
_eocip
_f19
_gy-gencatlg
942 _2lcc
_cBK
999 _c46114
_d46114